000 00734nam a2200253Ia 4500
003 OSt
005 20220918163735.0
006 a|||||r|||| 00| 0
007 ta
008 220917b |||||||| |||| 00| 0 eng d
020 _a0226772276
024 _a24,742
037 _cTextual
040 _aARTS
_cARTS
_beng
041 _2eng
_aeng
082 _aO111:g(R5), M2
100 _aSteiner Wendy
_914962
245 0 _aColors of rhetoric
_b Problems in the relation between modern literature and painting
260 _aChicago
_bUniversity of Chicago Press
_c1982
300 _axiv, 262p.
_ccm.
650 _aENGLISH LITERATURE
942 _hO111:g(R5), M2
_cTEXL
_2CC
999 _c121169
_d121169